Color atlas and text of histology / (Record no. 356026)
[ view plain ]
| 000 -LEADER | |
|---|---|
| fixed length control field | 00340nam a2200121Ia 4500 |
| 008 - FIXED-LENGTH DATA ELEMENTS--GENERAL INFORMATION | |
| fixed length control field | 180219s9999 xx 000 0 und d |
| 020 ## - INTERNATIONAL STANDARD BOOK NUMBER | |
| International Standard Book Number | 9781496346735 |
| 100 ## - MAIN ENTRY--PERSONAL NAME | |
| Personal name | Gartner, Leslie P. |
| 245 ## - TITLE STATEMENT | |
| Title | Color atlas and text of histology / |
| 250 ## - EDITION STATEMENT | |
| Edition statement | 7th ed |
| 260 ## - PUBLICATION, DISTRIBUTION, ETC. (IMPRINT) | |
| Place of publication, distribution, etc | USA : |
| Name of publisher, distributor, etc | Lippincott williams & wilkins |
| Date of publication, distribution, etc | 2018 |
| 300 ## - PHYSICAL DESCRIPTION | |
| Extent | vii, 599 pages |
| Withdrawn status | Lost status | Source of classification or shelving scheme | Damaged status | Home library | Current library | Shelving location | Date acquired | Source of acquisition | Total Checkouts | Total Renewals | Full call number | Barcode | Date last seen | Date checked out | Price effective from | Koha item type |
|---|---|---|---|---|---|---|---|---|---|---|---|---|---|---|---|---|
| Library of Congress Classification | South SEED-LPDH College Library | South SEED-LPDH College Library | South SEED-LPDH College Section | 02/19/2018 | Library Fund | 1 | 23 | QM 557 .G244 2018 | SSLC1686 | 01/22/2019 | 08/02/2018 | 02/19/2018 | Books |